Consultation room (Record no. 67088)
[ view plain ]
| 000 -LEADER | |
|---|---|
| fixed length control field | 01488cam a2200229 4500 |
| 001 - CONTROL NUMBER | |
| control field | ABS64011 |
| 008 - FIXED-LENGTH DATA ELEMENTS--GENERAL INFORMATION | |
| fixed length control field | 000000n2001 000 0 eng u |
| 035 ## - SYSTEM CONTROL NUMBER | |
| System control number | (Sirsi) u112696 |
| 100 ## - MAIN ENTRY--PERSONAL NAME | |
| Personal name | Williams, P. |
| 245 ## - TITLE STATEMENT | |
| Title | Consultation room |
| 260 ## - PUBLICATION, DISTRIBUTION, ETC. | |
| Date of publication, distribution, etc. | 2001 |
| 490 ## - SERIES STATEMENT | |
| Series statement | Estates Gazette |
| Volume/sequential designation | (0119) 12 May 2001, 136(1) |
| 520 ## - SUMMARY, ETC. | |
| Summary, etc. | Discusses a recent consultation paper, issued by government, suggesting the repeal of Landlord and Tenant Act 1954 s57, which it believes is no longer needed. This currently gives public bodies, or providers of public services, the privilege of preventing lease renewals if they need the property for their own purposes. Notes that there has been little response to this consultation paper, which can be viewed at: http://www.planning.detr.gov.uk/consult/lbpltas/index.htm. Sets out the provisions of s57, and the three key reasons given in the consultation paper for repealing it. Also discusses the paper's recommendation that the procedure for dealing with applications for certificates under s57, while some leases remain subject to this section, be revised in order that the tenant's point of view be given the emphasis it deserves. The deadline for responses to the consultation paper is 30 June 2001. |
| 590 ## - LOCAL NOTE (RLIN) | |
| Local note | ABS |
| 650 ## - SUBJECT ADDED ENTRY--TOPICAL TERM | |
| Topical term or geographic name entry element | LANDLORD AND TENANT ACT 1954 S57 |
| 650 ## - SUBJECT ADDED ENTRY--TOPICAL TERM | |
| Topical term or geographic name entry element | CONSULTATION PAPER |
| 650 ## - SUBJECT ADDED ENTRY--TOPICAL TERM | |
| Topical term or geographic name entry element | PUBLIC AUTHORITIES |
| 650 ## - SUBJECT ADDED ENTRY--TOPICAL TERM | |
| Topical term or geographic name entry element | LEASE RENEWALS |
| 650 ## - SUBJECT ADDED ENTRY--TOPICAL TERM | |
| Topical term or geographic name entry element | REFORM |
| 690 ## - LOCAL SUBJECT ADDED ENTRY--TOPICAL TERM (OCLC, RLIN) | |
| Topical term or geographic name as entry element | LANDLORD AND TENANT-LEASES |
| 942 ## - ADDED ENTRY ELEMENTS (KOHA) | |
| Suppress in OPAC | 0 |
| Withdrawn status | Lost status | Source of classification or shelving scheme | Damaged status | Not for loan | Home library | Current library | Shelving location | Date acquired | Total Checkouts | Full call number | Barcode | Date last seen | Copy number | Price effective from | Koha item type |
|---|---|---|---|---|---|---|---|---|---|---|---|---|---|---|---|
| Dewey Decimal Classification | London | London | Journal article | 21/05/2001 | ABS64011 | 112696-1001 | 06/08/2019 | 1 | 06/08/2019 | Journal article |